000 00692nam a2200277Ia 4500
005 20260324111635.0
008 008 260324s9999 xx 000 0 eng d
020 _a9781003407317
037 _aEBOOK
040 _aCRL
040 _beng
040 _cCRL
041 _2eng
041 _aeng
084 _qCRL
100 _aKashyap Kumar Dubey; Maulin P. Shah; Ankush Yadav
_91139405
245 0 _aChallenges and Sustainable Solutions in Bioremediation
260 _bTaylor and Francis
260 _c2025
365 _a
365 _b185
856 _uhttp://www.taylorfrancis.com/books/9781003407317
942 _cEBOOK
999 _c1728293
_d1728293